| 000 | 00512nam a22001817a 4500 | ||
|---|---|---|---|
| 003 | OSt | ||
| 005 | 20260126090537.0 | ||
| 008 | 260126b |||||||| |||| 00| 0 eng d | ||
| 020 | _a983-136-231-4 | ||
| 040 |
_aDWC-Main lib. _cOC |
||
| 082 | _aCirc. 428.1 F669b 2000 | ||
| 100 | _aFlower, John | ||
| 245 |
_aBuild your business vocabulary/ _cJohn Flower |
||
| 260 |
_aMalaysia : _bSynergy Books Int'l., _c c2000. |
||
| 300 |
_a96 p. ; _c 24 cm. |
||
| 650 | _aVocabulary | ||
| 942 |
_2ddc _cBK-CIRC _hCirc. _n0 |
||
| 999 |
_c7843 _d7843 |
||